Politicko-ekonomický vývoj v krajinách bývalej Juhoslávie – Chorvátsko a Slovinsko diplomová práca

Gespeichert in:
Bibliographische Detailangaben
1. Verfasser: Menichová, Martina
Körperschaft: Fakulta medzinárodných vzťahov EU. Katedra medzinárodných politických vzťahov
Weitere Verfasser: Liďák, Ján
Format: Buch
Sprache:Slowakisch
Veröffentlicht: Bratislava 2012
Tags: Tag hinzufügen
Keine Tags, Fügen Sie das erste Tag hinzu!

MARC

LEADER 00000nbm a2200000 4500
001 0152307
005 20161109102026.9
041 0 |a slo 
044 |a SK 
245 1 0 |a Politicko-ekonomický vývoj v krajinách bývalej Juhoslávie – Chorvátsko a Slovinsko  |b diplomová práca  |c Martina Menichová ; školiteľ: Ján Liďák 
264 1 |a Bratislava  |c 2012 
300 |a 71 s. 
100 1 |a Menichová, Martina 
700 1 |a Liďák, Ján 
710 2 |a Fakulta medzinárodných vzťahov EU. Katedra medzinárodných politických vzťahov